| 000 | 01750cam a22004574i 4500 | ||
|---|---|---|---|
| 003 | PE-LiUPU | ||
| 005 | 20250731173323.0 | ||
| 008 | 150710s2006 xxua r 000 0 spa d | ||
| 020 | _a9704100000 | ||
| 035 | _a(Sirsi) i9789704100001 | ||
| 040 |
_aPE-LiUPU _bspa _cPE-LiUPU _erda |
||
| 049 | _aPRUA | ||
| 082 | 0 | 4 |
_a220 _bP4 _221 |
| 082 | 0 | 4 |
_a220 _bP47 _221 |
| 130 |
_aBiblia _f2006 _lEspañol _sPeshitta. |
||
| 245 | 1 | 0 |
_aBiblia Peshitta en español : _btraducción de los Antiguos Manuscritos Arameos / _ctraducción por el Instituto Cultural Alef y Tau, A.C.. |
| 264 | 1 |
_aNashville, TN : _bB and H Español, _c2006. |
|
| 300 |
_a1471 páginas : _bilustraciones ; _c22 centímetros |
||
| 336 |
_atext _2rdacontent |
||
| 337 |
_aunmediated _2rdamedia |
||
| 338 |
_avolume _2rdacarrier |
||
| 526 | _aSEG42 | ||
| 526 | _aSEG41 | ||
| 526 | _aSEG40 | ||
| 526 | _aSEG39 | ||
| 526 | _aP94 | ||
| 526 | _aP87 | ||
| 526 | _aP86 | ||
| 526 | _aP85 | ||
| 526 | _aP77 | ||
| 526 | _aP76 | ||
| 526 | _aP35 | ||
| 541 | _g003-0003441; | ||
| 630 |
_aBiblia _f2006 _lEspañol _sPeshitta. |
||
| 942 |
_2ddc _cBOOK |
||
| 949 |
_a220 P4 _wDEWEY _c1 _i57679 _d2016-6-10 _e2016-6-7 _lCCODEBUL1 _mBUL _n1 _p21.00 _r0 _sY _tBOOK _u2015-7-10 _xTEOLOGIA _PP35 _0COMPRA _o.STAFF. Colección Teología |
||
| 994 |
_aC0 _bPEPRU |
||
| 596 | _a1 4 | ||
| 999 |
_a220 P4 _wDEWEY _c46685 _i57679 _d46685 _e2016-6-7 _f2021-11-9 _g5 _lCCODEBUL1 _mBUL _n1 _p21.00 _q7 _r0 _sY _tBOOK _u2015-7-10 _xTEOLOGIA _PP35 _0COMPRA _o.STAFF. Colección Teología |
||
| 999 |
_a220.53 P47 2000 _wDEWEY _c1 _iCW63570 _f2021-12-22 _g2 _lCCODECWL1 _mBWL _p30.00 _r0 _sY _tBOOK _u2018-7-31 _xWHITE _zUNKNOWN _0COMPRA _o.STAFF. Centro White |
||
| 980 |
_81 _gALBERTO SANCHEZ Responsable de Automatización |
||